000 00460nam a2200181Ia 4500
005 20250326142531.0
008 250326s9999 xx 000 0 und d
037 _aTextbook
040 _aFMSL
_beng
_cFMSL
041 _aeng
_2eng
084 _qFMSL
100 _aGupta S P
245 0 _aBusiness statistics
_cGupta S P; Gupta M P
260 _aDelhi
_bDelhi, Sultan Chand & Sons
_c1990
300 _a815p
942 _cTB
999 _c1295482
_d1295482